Вып. 52; Разработка рудных месторождений

التفاصيل البيبلوغرافية
Parent link:Разработка рудных месторождений: республиканский межведомственный научно-технический сборник. Вып. 52.— , 1966-1991.— 0486-0705
مؤلفون آخرون: Бызов В. Ф. (редактор)
اللغة:الروسية
منشور في: 1991
الموضوعات:
التنسيق: MixedMaterials كتاب
KOHA link:https://koha.lib.tpu.ru/cgi-bin/koha/opac-detail.pl?biblionumber=197578

MARC

LEADER 00000nam2a2200000 4500
001 197578
005 20231031183514.0
020 |a RU  |b 92-11550ж 
035 |a (RuTPU)RU\TPU\book\215530 
035 |a RU\TPU\book\178823 
090 |a 197578 
100 |a 20110615d1991 k y0rusy5003 ca 
101 0 |a rus 
102 |a UA 
105 |a a z 001zy 
200 0 |a Вып. 52  |f под ред. В. Ф. Бызова 
210 |d 1991 
215 |a 108 с.  |c ил. 
320 |a Библиогр. в конце ст. 
461 1 |0 (RuTPU)RU\TPU\book\178823  |x 0486-0705  |t Разработка рудных месторождений  |o республиканский межведомственный научно-технический сборник  |v Вып. 52  |d 1966-1991 
610 1 |a руды 
610 1 |a добыча 
610 1 |a рудные месторождения 
610 1 |a разработка 
675 |a 622.34  |z rus  |v 3 
702 1 |a Бызов  |b В. Ф.  |4 340 
801 0 |a RU  |b RuMRKP  |c 19950417  |g psbo 
801 1 |a RU  |b 63413507  |c 20090910 
801 2 |a RU  |b 63413507  |c 20140703  |g RCR 
942 |c BK